Rainbow Six Siege - Operator Challenge - Statistics

General Stats
  • This quiz has been taken 287 times
    216 since last reset
  • The average score is 42 of 74
Answer Stats
Hint Answer % Correct
FBI Attacker Ash
90%
SAS Attacker Sledge
84%
SAS Defender Smoke
84%
Navy Seals Attacker Blackbeard
82%
SAS Defender Mute
80%
FBI Defender Castle
78%
Recruit Attacker Striker
78%
FBI Attacker Thermite
78%
GSG 9 Attacker Blitz
77%
GIGN Defender Doc
77%
Recruit Defender Sentry
77%
Spetsnaz Defender Kapkan
74%
Spetsnaz Attacker Fuze
73%
GSG 9 Defender Bandit
71%
GIGN Defender Rook
71%
GIGN Attacker Twitch
71%
JTF2 Defender Frost
70%
GIGN Attacker Montagne
69%
Keres Legion Attacker Deimos
68%
GSG 9 Attacker IQ
68%
CBRN Attacker Lion
68%
FBI Defender Pulse
68%
SAS Attacker Thatcher
67%
JTF2 Attacker Buck
63%
Spetsnaz Attacker Glaz
63%
CBRN Attacker Finka
62%
NightHaven Attacker Ace
61%
Spetsnaz Defender Tachanka
60%
Secret Service Defender Warden
59%
Navy Seals Defender Valkyrie
58%
707th SMB Defender Vigil
58%
SAT Attacker HIbana
57%
GSG 9 Defender Jager
57%
GIGR Defender Kaid
57%
NightHaven Attacker Kali
56%
BOPE Defender Caveira
54%
GEO Attacker Jackal
53%
SAT Defender Echo
52%
GROM Attacker Zofia
52%
S.A.S. Defender Lesion
51%
EKAM Defender Skopos
51%
BOPE Attacker Capitao
50%
GEO Defender Mira
50%
GIS Defender Alibi
49%
GROM Defender Ela
49%
GSUTR Defender Clash
48%
GIS Defender Maestro
48%
35th Commando Battalion Attacker Ram
48%
S.A.S. Attacker Ying
48%
Unaffiliated Defender Fenrir
47%
SASR Defender Mozzie
47%
Frogsmen Corps Nokk
47%
Unaffiliated Defender Azami
46%
ITF Defender Melusi
46%
COT Attacker Brava
44%
707th SMB Attacker Dokkaebi
44%
NightHaven Attacker Osa
44%
ROS Attacker Zero
44%
STAR-NET Defender Thunderbird
43%
NightHaven Defender Wamai
43%
APCA Attacker Amaru
42%
REU Attacker Iana
42%
Garda ERU Defender Thorn
42%
SASR Attacker Gridlock
41%
GSUTR Attacker Maverick
41%
NightHaven Defender Aruni
39%
GIGR Defender Oryx
39%
SFG Attacker Sens
39%
AFEAU Defender Solis
39%
GIGR Attacker Nomad
38%
FES Defender Goyo
37%
NightHaven Attacker Grim
37%
FBI Attacker Flores
36%
DAE Defender Tubarao
34%
No matching quizzes found
Score Distribution
Percent of People with Each Score
Percentile by Number Answered
Your Score History
You have not taken this quiz since the last reset